Black skin, white coats : (Record no. 123927)
[ view plain ]
| 000 -LEADER | |
|---|---|
| fixed length control field | 01977cam a22003734i 4500 |
| 001 - CONTROL NUMBER | |
| control field | 17804709 |
| 003 - CONTROL NUMBER IDENTIFIER | |
| control field | ARRUPE |
| 005 - DATE AND TIME OF LATEST TRANSACTION | |
| control field | 20160111125121.0 |
| 008 - FIXED-LENGTH DATA ELEMENTS--GENERAL INFORMATION | |
| fixed length control field | 130708s2013 ohu b 001 0 eng c |
| 010 ## - LIBRARY OF CONGRESS CONTROL NUMBER | |
| LC control number | 2013027515 |
| 020 ## - INTERNATIONAL STANDARD BOOK NUMBER | |
| International Standard Book Number | 9780821420706 (pb : alk. paper) |
| 020 ## - INTERNATIONAL STANDARD BOOK NUMBER | |
| International Standard Book Number | 9780821444733 (electronic) |
| 040 ## - CATALOGING SOURCE | |
| Original cataloging agency | IEN/DLC |
| Language of cataloging | eng |
| Transcribing agency | IEN |
| Description conventions | rda |
| Modifying agency | DLC |
| 042 ## - AUTHENTICATION CODE | |
| Authentication code | pcc |
| 043 ## - GEOGRAPHIC AREA CODE | |
| Geographic area code | f-nr--- |
| 050 00 - LIBRARY OF CONGRESS CALL NUMBER | |
| Classification number | RC438 |
| Item number | .H43 2013 |
| 082 04 - DEWEY DECIMAL CLASSIFICATION NUMBER | |
| Classification number | 362.209669 |
| Edition number | 23 |
| 300 ## - PHYSICAL DESCRIPTION | |
| Dimensions | 23 cm. |
| 100 1# - MAIN ENTRY--PERSONAL NAME | |
| Personal name | Heaton, Matthew M., |
| Relator term | author. |
| 9 (RLIN) | 21460 |
| 245 10 - TITLE STATEMENT | |
| Title | Black skin, white coats : |
| Remainder of title | Nigerian psychiatrists, decolonization, and the globalization of psychiatry / |
| Statement of responsibility, etc | Matthew M. Heaton. |
| 260 ## - PUBLICATION, DISTRIBUTION, ETC. (IMPRINT) | |
| Place of publication, distribution, etc | Athens |
| Name of publisher, distributor, etc | Ohio University Press |
| Date of publication, distribution, etc | 2013 |
| 300 ## - PHYSICAL DESCRIPTION | |
| Extent | x, 249 pages ; |
| 490 1# - SERIES STATEMENT | |
| Series statement | New African histories |
| 504 ## - BIBLIOGRAPHY, ETC. NOTE | |
| Bibliography, etc | Includes bibliographical references (p. 229-244) and index. |
| 505 00 - FORMATTED CONTENTS NOTE | |
| Title | Introduction: Colonizing, decolonizing, and globalizing the history of psychiatry -- |
| -- | Colonial institutions and networks of ethnopsychiatry -- |
| -- | Decolonizing psychiatric institutions and networks -- |
| -- | Mentally ill Nigerian immigrants in the United Kingdom : the international dimensions of decolonizing psychiatry -- |
| -- | Schizophrenia, depression, and "brain-fag syndrome" : diagnosis and the boundaries of culture -- |
| -- | Gatekeepers of the mind : psychotherapy and "traditional" healers -- |
| -- | The paradoxes of psychoactive drugs -- |
| -- | Conclusion: Nigerian psychiatrists and the globalization of psychiatry. |
| 650 #0 - SUBJECT ADDED ENTRY--TOPICAL TERM | |
| Topical term or geographic name as entry element | Psychiatry |
| Geographic subdivision | Nigeria |
| General subdivision | History. |
| 9 (RLIN) | 21461 |
| 650 #0 - SUBJECT ADDED ENTRY--TOPICAL TERM | |
| Topical term or geographic name as entry element | Cultural psychiatry |
| Geographic subdivision | Nigeria. |
| 9 (RLIN) | 21462 |
| 650 #0 - SUBJECT ADDED ENTRY--TOPICAL TERM | |
| Topical term or geographic name as entry element | Mentally ill |
| General subdivision | Care |
| Geographic subdivision | Nigeria |
| General subdivision | History. |
| 9 (RLIN) | 21463 |
| 650 #0 - SUBJECT ADDED ENTRY--TOPICAL TERM | |
| Topical term or geographic name as entry element | Mental illness |
| General subdivision | Treatment |
| Geographic subdivision | Nigeria |
| General subdivision | History. |
| 9 (RLIN) | 21464 |
| 651 #0 - SUBJECT ADDED ENTRY--GEOGRAPHIC NAME | |
| Geographic name | Nigeria |
| General subdivision | Colonial influence |
| -- | Health aspects |
| -- | History. |
| 9 (RLIN) | 21465 |
| 830 #0 - SERIES ADDED ENTRY--UNIFORM TITLE | |
| Uniform title | New African histories series. |
| 9 (RLIN) | 9134 |
| 906 ## - LOCAL DATA ELEMENT F, LDF (RLIN) | |
| a | 7 |
| b | cbc |
| c | orignew |
| d | 1 |
| e | ecip |
| f | 20 |
| g | y-gencatlg |
| 942 ## - ADDED ENTRY ELEMENTS (KOHA) | |
| Source of classification or shelving scheme | Library of Congress Classification |
| Koha item type | Monograph ( Printed materials) |
| Withdrawn status | Lost status | Source of classification or shelving scheme | Damaged status | Not for loan | Collection code | Home library | Current library | Shelving location | Date acquired | Total Checkouts | Full call number | Barcode | Date last seen | Date checked out | Price effective from | Koha item type |
|---|---|---|---|---|---|---|---|---|---|---|---|---|---|---|---|---|
| Library of Congress Classification | Main Collection | ARRUPE LIBRARY | ARRUPE LIBRARY | Main Collection | 11/01/2016 | 2 | RC438 .H43 2013 | 46500005844 | 11/09/2019 | 03/06/2016 | 11/01/2016 | Monograph ( Printed materials) |